| 000 | 01706cam a2200445 a 4500 | ||
|---|---|---|---|
| 003 | OSt | ||
| 005 | 20240530110424.0 | ||
| 008 | 980313m19961996ua ab b 001 0 fre d | ||
| 010 | _a 98126204 | ||
| 020 | _a2724701771 | ||
| 020 | _a2724701771 (set) | ||
| 020 | _a272470178X (v. 1) | ||
| 020 | _a2724701798 (v. 2) | ||
| 035 | _a(OCoLC)35701689 | ||
| 040 |
_aEG-CaGPL _cEG-CaGPL |
||
| 042 | _alccopycat | ||
| 043 | _af-ua--- | ||
| 082 | 0 | 4 |
_221 _a932 _bCC/L A |
| 100 | 1 | _aLabrousse, A. | |
| 245 | 1 | 2 |
_aL'architecture des pyramides à textes. _nI, _pSaqqara nord / _cAudran Labrousse [dans le cadre de] la Mission archéologique de Saqqara III. |
| 260 |
_aLe Caire : _bInstitut français d'archéologie orientale, _c1996. |
||
| 300 |
_a2 v. : _bill., map ; _c28 cm. |
||
| 440 | 0 |
_aBibliothèque d'étude, _x0259-3823 ; _v114. |
|
| 490 | 1 |
_aMission archéologique de Saqqara ; _v3 |
|
| 504 | _aIncludes bibliographical references (v. 1, p. 187-198) and index. | ||
| 505 | 0 | _a1. [Text] -- 2. Figures. | |
| 650 | 0 |
_aPyramids _zEgypt _zṢaqqārah. |
|
| 650 | 0 |
_aArchitecture, Ancient _zEgypt _zṢaqqārah. |
|
| 650 | 0 |
_aTombs _zEgypt _zṢaqqārah. |
|
| 650 | 7 |
_aPyramides, textes des _zEgypte _zSaqqarah. _2ram |
|
| 650 | 7 |
_aArchitecture égyptienne. _2ram |
|
| 650 | 7 |
_aPyramides _zEgypte _zSaqqarah _xDessins et plans. _2ram |
|
| 650 | 7 |
_aPyramides _zEgypte _zSaqqarah _xConstruction. _2ram |
|
| 651 | 0 |
_aṢaqqārah (Egypt) _xAntiquities. |
|
| 651 | 7 |
_aSaqqarah (Egypte). _2ram |
|
| 710 | 2 | _aInstitut français d'archéologie orientale du Caire. | |
| 710 | 2 | _aMission archéologique française de Saqqarah. | |
| 830 | 0 |
_aMission archéologique de Saqqara (Series) ; _v3. |
|
| 942 |
_2ddc _cBK |
||
| 999 |
_c60715 _d60715 |
||